00674nam a2200229 a 4500001001300000003000900013005001700022008004100039020001000080082001800090100003700108245001700145260003700162300000900199500003500208650002300243700003700266902000800303942000700311952010900318999001700427nice12345678IN_TiNIC20260116013418.0070309s1988 hyda grp 000 0 ara  ac29700a297.1227bQUN aQunawi, Mohd Bin Ishaq Sadruddin aIjazul Bayan aHyderabadbDairatul Maarifc1988 a390p aincludes index and biblioraphy aQuran-Hermeneutics1 aQunawi, Mohd Bin Ishaq Sadruddin bRHR cBK 001040708REFaHMIbHMIcREFd2007-03-09g297.00l0o297.1227 QUNp018800r2007-03-09w2026-01-16yBK c10885d10885